Jusqu'où irez vous ? #18 (Culture Générale) - Statistiques

Statistiques générales
  • Ce quiz a été pris 190 fois
  • Le résultat moyen est 12 sur 30
Statistiques - réponses
Hint Réponse % Correct
Quelle proposition n'est pas une commande de pilotage primaire d'un avion ? A /un manche B /un palonnier C /une manette des gaz D /un levier de téléportation D /un levier de téléportation
100%
Comment est appelé historiquement le certificat d'immatriculation automobile en Belgique et en France ? A /Carte beige B /Carte grise C /Carte marron D /Carte violette B /Carte grise
98%
Quel est l'élément le plus abondant dans l'Univers ? A /Carbone B /Hydrogène C /Magnésium D /Soufre B /Hydrogène
95%
Quel est l'autre nom du requin du Zambèze ? A /Requin caniche B /Requin bouledogue C /Requin chihuahua D /Requin beagle B /Requin bouledogue
88%
Quelle est la traduction la plus proche du mot anglais Whisper ? A /Caresser B /Chuchoter C /Ponctionner D /Pulvériser B /Chuchoter
84%
Qui a été président des États-Unis de 1993 à 2001 ? A /Herbert Hoover B /Barack Obama C /Bill Clinton D /Jimmy Carter C /Bill Clinton
83%
Laquelle de ces propositions n'est pas une des 6 armes de la version originale du Cluedo ? A /Poignard B /Revolver C /Chandelier D /Oreiller D /Oreiller
81%
Qui a réalisé le film La Liste de Schindler (1993) ? A /James Ivory B /Steven Spielberg C /Jim Sheridan D /Robert Altman B /Steven Spielberg
77%
Comment s'appelle un œuf cuit dans sa coquille plus longtemps qu'un œuf à la coque et moins longtemps qu'un œuf dur ? A /Œuf doucet B /Œuf jarret C /Œuf mollet D /Œuf piquet C /Œuf mollet
76%
Dans quelle série TV Henry « Hank » Schrader est à la recherche d'"Heisenberg" ? A /Prison Break B /Mentalist C /Monk D /Breaking Bad D /Breaking Bad
72%
Qui a peint le "Portait d'Adèle Bloch-Bauer I" en 1907 ? A /Gustav Klimt B /Picasso C /Raphaël D /Edouard Manet A /Gustav Klimt
67%
Laquelle de ces communes est une sous-préfecture du Cantal ? A /Saint-Flour B /Saint-Jean-d'Angély C /Saint-Malo D /Saint-Claude A /Saint-Flour
57%
Quel planète doit son nom au messager des dieux dans la mythologie romaine ? A /Mars B /Mercure C /Jupiter D /Saturne B/ Mercure
48%
Laquelle de ces propositions n'est pas un modèle de chaussures qui a été commercialisé ? A /Vans Authentic B /Reebok Freestyle C /Basket Lidl D /Nike Cave D /Nike Cave
43%
De quoi est spécialiste un Lépidoptériste ? A /des astres B /du charbon C /des papillons D /du tabac C /des papillons
40%
Quel est la conjugaison du verbe mourir à la 3e personne du singulier du présent du subjonctif ? A /qu'il/elle meur B /qu'il/elle meure C /qu'il/elle meurs D /qu'il/elle meurt B /qu'il/elle meure
32%
Quel événement ne s'est pas déroulé un 11 septembre au 21e siècle ? A /Une série d'attentats-suicides aux États-Unis, perpétrés au moyen d’avions B /La sortie au cinéma en France de L'Exorciste, film de William Friedkin C /La Russie teste la plus puissante bombe thermobarique, surnommée le Père de toutes les bombes D /L'ancien président du Brésil Jair Bolsonaro est condamné à 27 ans de prison pour avoir fomenté un coup d'État B / sortie en France de L'Exorciste
24%
Quelle expression imagée, d'origine fictive est utilisée pour décrire un cheminement désordonné, une progression maladroite ou une alternance entre des états ou des situations contrastées ? A /Aller de sel en selle B /Aller de jar en jarre C /Aller de fil en fille D /Aller de bar en barre B /Aller de jar en jarre
15%
En quelle année la Juventus Turin a t-elle gagné sa première Ligue des Champions masculine (C1) : A /1985 B /1995 C /2005 D /2015 A /1985
11%
Lequel de ces hommes n'a pas marché sur la Lune ? A /Neil Armstrong B /Buzz Aldrin C /Michael Collins D /Edgar Mitchell C /Michael Collins
9%
Qui a succédé à Clovis Ier en 511 ? A /Thierry Ier B /Charlemagne C /Serge ler D /Pépin le Bref A /Thierry Ier
7%
Lequel de ces belligérants a subi plus de pertes humaines que le Royaume-Uni durant la 1ere Guerre Mondiale ? A /États-Unis B /Empire ottoman C /Serbie D /Roumanie B /Empire ottoman
7%
Qui n' a pas remporté une édition de La Ferme Célébrités (téléréalité sur TF1 entre 2004 et 2010) ? A /Pascal Olmeta B /Jordy C /Francky Vincent D /Mickaël Vendetta C /Francky Vincent
4%
Quelle fonction Bernard Tapie a t-il occupé du 26 décembre 1992 au 29 mars 1993 ? A /Ministre de l'outre-mer B /Ministre de l'industrie C /Ministre des Français de l'étranger D /Ministre de la Ville D /Ministre de la Ville
3%
Quel est le chrono du record du monde féminin du 100m détenu par Florence Griffith-Joyner depuis 1988 ? A /10 s 49 B /10 s 39 C /10 s 29 D /10 s 19 A /10 s 49
1%
Par quel tennisman John Isner a-t-il été éliminé au 2e tour de Wimbledon 2010 après avoir battu Nicolas Mahut au 1er tour dans le match le plus long de l'Histoire ? A /Thiemo de Bakker B /Mardy Fish C /Taylor Dent D /Paul-Henri Mathieu A /Thiemo de Bakker
1%
Quel est le nombre de pages du roman de Yann Moix "Naissance", prix Renaudot 2013 ? A /152 B /1152 C /552 D /5552 B /1152
1%
Avec qui l'actrice Dany Saval s'est elle mariée à Las Vegas en 1973 ? A /Guy Bedos B /Guy Lux C /Michel Drucker D /Michel Sardou C /Michel Drucker
1%
Comment s'appelle la petite fille qui joue avec Alan Parish au début du film Jumanji (1995) ? A /Mindy Clark B /Laura Palmer C /Sarah Whittle D /Jenna Zworsky C /Sarah Whittle
1%
Laquelle de ces propositions désigne l'indice boursier de la bourse de Riyad ? A /Tepix B /BLOM C /KASE D /Tadawul D /Tadawul
1%
Aucun quiz correspondant
Distribution des résultats
% des personnes avec chaque résultat
Percentile par nombre de réponses
Votre historique - résultats
Vous n’avez pas pris ce quiz